|
|
|
|
| LEADER |
00000nam0a2200000 4500 |
| 001 |
282180 |
| 005 |
20231101235456.0 |
| 020 |
|
|
|a RU
|b 84-46425
|
| 035 |
|
|
|a (RuTPU)RU\TPU\book\306053
|
| 090 |
|
|
|a 282180
|
| 100 |
|
|
|a 20150128d1984 km y0rusy5003 ca
|
| 101 |
0 |
|
|a rus
|
| 102 |
|
|
|a RU
|
| 105 |
|
|
|a a z 001zy
|
| 200 |
1 |
|
|a Энергообмен в ландшафтной сфере Земли
|f А. В. Павлов
|g Академия наук СССР (АН СССР), Сибирское отделение (СО), Институт мерзлотоведения (ИМЗ) ; отв. ред. П. И. Мельников
|
| 210 |
|
|
|a Новосибирск
|c Наука
|d 1984
|
| 215 |
|
|
|a 256 с.
|c ил.
|d 22 см
|
| 320 |
|
|
|a Библиогр.: с. 238-254
|
| 606 |
1 |
|
|a Географические ландшафты
|2 stltpush
|3 (RuTPU)RU\TPU\subj\5904
|9 33889
|
| 610 |
1 |
|
|a геофизика
|
| 610 |
1 |
|
|a изучение
|
| 610 |
1 |
|
|a теплофизика
|
| 610 |
1 |
|
|a атмосфера
|
| 610 |
1 |
|
|a ландшафтная сфера
|
| 610 |
1 |
|
|a тепломассообмен
|
| 610 |
1 |
|
|a снежный покров
|
| 610 |
1 |
|
|a энергомассообмен
|
| 610 |
1 |
|
|a растительные покровы
|
| 610 |
1 |
|
|a водоемы
|
| 610 |
1 |
|
|a энергообмен
|
| 610 |
1 |
|
|a почвы
|
| 610 |
1 |
|
|a склоны
|
| 610 |
1 |
|
|a горная местность
|
| 610 |
1 |
|
|a гидротермический режим
|
| 675 |
|
|
|a 911.5
|z rus
|v 4
|
| 700 |
|
1 |
|a Павлов
|b А. В.
|g Александр Владимирович
|4 070
|
| 702 |
|
1 |
|a Мельников
|b П. И.
|4 340
|
| 712 |
0 |
2 |
|a Академия наук СССР (АН СССР)
|b Сибирское отделение (СО)
|b Институт мерзлотоведения (ИМЗ)
|c (Якутск)
|2 stltpush
|3 (RuTPU)RU\TPU\col\12256
|
| 801 |
|
0 |
|a RU
|b RuMRKP
|c 19950704
|g psbo
|
| 801 |
|
1 |
|a RU
|b 63413507
|c 20150128
|
| 801 |
|
2 |
|a RU
|b 63413507
|c 20170717
|g RCR
|
| 942 |
|
|
|c BK
|